Memorandum on the anti-Catalan policy of General Franco's government : submitted to the delegates of the seventh assembly of U.N.E.S.C.O. submitted to the delegates of the seventh assembly of U.N.E.S.C.O.
Descripción Física:
39 pàg. ; 22 cm
Otros Autores:
Batista i Roca, J. M. (Josep Maria), 1895-1978
,
Carner, Josep, 1884-1970
,
Nicolau d'Olwer, Lluís, 1888-1961
,
Patxot i Jubert, Rafael, 1872-1964
,
Serra i Moret, Manuel, 1884-1963
Materias:
Fons Joan Junyer i Pascual (1909-1994)
; Identitat col·lectiva -- Catalunya
; Espanya -- Política i govern -- 1939-1975
; Catalunya -- Política i govern -- 1939-1975
; Persecucions polítiques -- Catalunya
; Franquisme -- Catalunya
; Fulletons
Idioma:
English
MARC
| LEADER | 00000nam a22000007a 4500 | ||
|---|---|---|---|
| 001 | 24875 | ||
| 003 | AGDB | ||
| 005 | 20260324181537.0 | ||
| 008 | 251021b fr ||||| |||| 00| 0 eng d | ||
| 041 | |a eng | ||
| 245 | |a Memorandum on the anti-Catalan policy of General Franco's government : |b submitted to the delegates of the seventh assembly of U.N.E.S.C.O. | ||
| 260 | |a Paris : |b [s.n.] , |c 1952 | ||
| 300 | |a 39 pàg. ; |c 22 cm | ||
| 500 | |a Prové del fons Joan Junyer i Pascual (1909-1994) | ||
| 650 | |a Fons Joan Junyer i Pascual (1909-1994) |9 72777 | ||
| 650 | 0 | |a Identitat col·lectiva |z Catalunya |9 72574 | |
| 650 | 0 | |a Espanya |x Política i govern |2 Arxiu |9 48856 |y 1939-1975 | |
| 650 | 0 | |a Catalunya |x Política i govern |y 1939-1975 |9 72575 | |
| 650 | 0 | |a Persecucions polítiques |2 Arxiu |z Catalunya |9 44212 | |
| 650 | 0 | |a Franquisme |2 Arxiu |z Catalunya |9 39962 | |
| 655 | 0 | |a Fulletons |9 55858 | |
| 700 | |a Batista i Roca, J. M. (Josep Maria), |d 1895-1978 |9 32764 | ||
| 700 | |a Carner, Josep, |d 1884-1970 |9 24255 | ||
| 700 | |a Nicolau d'Olwer, Lluís, |d 1888-1961 |9 72576 | ||
| 700 | |a Patxot i Jubert, Rafael, |d 1872-1964 |9 53134 | ||
| 700 | |a Serra i Moret, Manuel, |d 1884-1963 |9 72577 | ||
| 710 | 2 | |a UNESCO |9 52950 | |
| 942 | |2 udc |c ARXIU |n 1 | ||
| 952 | |0 0 |1 0 |4 0 |6 F504103 |7 1 |9 98519 |a Arxiu |b Arxiu |d 2025-10-21 |l 0 |o F-504-103 |p 24875 |r 2025-10-21 11:35:44 |w 2025-10-21 |y ARXIU | ||
| 999 | |c 130272 |d 130272 | ||